000 00605nam a2200181 a 4500
001 000030338
003 DO-SdBNP
005 20230503085216.0
008 110510s1979 dr abc 000 | spa d
040 _aDO-SdBNP
_bspa
_cBNPHU
049 _aBNPD
245 0 0 _aSanto Domingo gráfico :
_bblue book /
_cAntonio Tellado H., director ; Persiles Ayanes Pérez M., sub-director.
260 _aSanto Domingo :
_bEdiciones Mercurio,
_c1979.
300 _a312 p. :
_bil., mapas, retrs. ;
_c27 cm.
700 1 _aTellado H., Antonio,
_edir.
_956995
700 1 _aPérez Ayanes, Persiles,
_956996
942 _2ddc
_cLBS1
999 _c29830
_d29830